Place names containing "ax" - Statistics

General Stats
  • This quiz has been taken 14 times
  • The average score is 4 of 12
Answer Stats
Clue Geographical entity % Correct
The capital of Nova Scotia, and a Yorkshire banking centre Halifax
92%
State of northern Germany Saxony
62%
Devon town, and carpet manufacturer Axminster
46%
Major Tunisian port Sfax
46%
Suburb of Washington, in Virginia Fairfax
38%
Mexican city and state Oaxaca
31%
Ecuadorian volcano and province Cotopaxi
15%
Huge Rio suburb Duque de Caxias
15%
Suburb of Leeds Kippax
15%
Aztec-sounding Mexican state Tlaxcala
15%
Chinese city Jiaxing
0%
Main town of Dauphin County, near Harrisburg, PA Lower Paxton
0%
No matching quizzes found
Score Distribution
Percent of People with Each Score
Percentile by Number Answered
Your Score History
You have not taken this quiz